Fußballclubs erraten #1 - Statistiken

Allgemein
  • Dieses Quiz wurde 80 mal gespielt
    44 seit der letzten Aktualisierung
  • Das Durchschnittsergebnis liegt bei 4 aus 10
Antwortstatistiken
Fußball-Club % Korrekt
Darmstadt 98
68%
SC Verl
53%
Fortuna Düsseldorf 1895
47%
Bayer 04 Leverkusen
42%
VfL Bochum 1848
42%
TSG Hoffenheim 1899
34%
FC Ingolstadt 04
32%
Preußen 06 Münster
21%
SV 07 Elversberg
21%
MSV 02 Duisburg
13%
Keine übereinstimmenden Quizze gefunden
Verteilung der Resultate
Anzahl Personen mit jedem Resultat
Perzentil nach korrekt beantworteten Fragen
Ihre Resultats-Entwicklung
Sie haben dieses Quiz seit der letzten Aktualisierung nicht gespielt